Osnovy čislennovo analiza

Enregistré dans:
Détails bibliographiques
Auteur principal: Babenko, Konstantin Ivanovič (Auteur)
Format: Livre
Langue:russe
Publié: Moskva : Nauka, 1986
Tags: Ajouter un tag
Pas de tags, Soyez le premier à ajouter un tag!

MARC

LEADER 00000nam a22000003a 4500
001 stu19977
005 20150617225751.7
008 ------s1986----xxr-----------------rus-d
040 |a STU  |b slo 
041 0 |a rus 
044 |a xxr 
080 |a 519.7 
100 1 |a Babenko, Konstantin Ivanovič  |4 aut 
245 1 |a Osnovy čislennovo analiza 
260 |a Moskva :  |b Nauka,  |c 1986 
300 |a 743 s :  |b Tab.,grafy,lit.,index 
996 |c V*34182/O-14078  |l VV7  |s P  |a 0  |w stu19977_0001 
996 |b C78978  |c C*78978  |l CCXX  |s P  |a 0  |w stu19977_0003 
996 |b C79019  |c C*79019  |l CCVI  |s P  |a 0  |w stu19977_0004